000
00284nam a2200109 4500
999
_c
13577
_d
13577
008
190328b ||||| |||| 00| 0 eng d
245
_a
Zero billing policy.
260
_a
Davao City
_b
Sun Star Davao
_c
c2018
300
_a
page 14.
650
0
_9
37877
_a
Public welfare.
942
_2
ddc
_c
PER